000 00414nam a22001697a 4500
003 MACL
005 20211001151614.0
008 211001b |||||||| |||| 00| 0 eng d
040 _cMACL
082 _a920/RAM
100 _aBasu,Tejen kumar
_981200
245 _aThe Life and Times of C.V. RAMAN
260 _aNew Delhi
_bOcean Book Pvt. Ltd.
_c2016
300 _ap136
650 _aBiography
942 _2ddc
_cBK
999 _c64465
_d64465